000 00630nam a2200193Ii 4500
003 JO-AjNU
008 230605s9999||||xx |||||||||||||| ||und||
040 _aJO-AjNU
_bara
_erda
_cJO-AjNU
041 _aara
050 1 4 _aS613 1961
100 3 _aمنصر,عبدالحليم/ م مشارك محمد عبد الفتاح القصامن,
_eauthor
_917940
245 0 0 _aصحارى مصر
264 3 1 _aالموصل:وزارة البحث العلمي ،1961
300 _a132ص
336 _atext
_btxt
_2rdacontent
337 _aunmediated
_bn
_2rdamedia
338 _avolume
_bnc
_2rdacarrier
650 4 _aصحاري مصر
_917941
999 _aA5645
_c9213
_d9213